000 00494nam a2200157 a 4500
001 000035703
005 20200930074538.0
008 111108s2011 dr ac 000 0 spa d
020 _a97899454169
040 _aDO-SdBNP
_bspa
_cBNPHU
100 1 _aPérez Incháustegui, Josefina
_955372
245 1 0 _aAlbores de la vida II :
_bpoemas familiares /
_cJosefina Pérez Incháustegui.
260 _aSanto Domingo :
_bEditora Búho,
_c2011.
300 _a67 p. :
_bil., retrs. ;
_c16 cm.
049 _aBNPD
999 _c35194
_d35194